[Event "105th YMCA Spring C"]
[Site "Warszawa"]
[Date "2012.05.18"]
[Round "6"]
[White "Jarmolowski, Tadeusz"]
[Black "Moskwinski, Marek"]
[Result "1-0"]
[WhiteElo "1732"]
[BlackElo "1829"]
[PlyCount "113"]
[EventDate "2012.04.11"]
[EventType "tourn"]
[EventRounds "1"]
[EventCountry "POL"]
[SourceDate "2012.04.11"]

1. e4 c5 2. c3 d5 3. exd5 Qxd5 4. d4 Nf6 5. Nf3 Bg4 6. dxc5 Qxd1+ 7. Kxd1 e5 8.
b4 e4 9. h3 Bh5 10. g4 Nxg4 11. hxg4 Bxg4 12. Nbd2 Bxf3+ 13. Nxf3 exf3 14. Bd3
Nc6 15. Re1+ Be7 16. b5 Nd8 17. Be4 Ne6 18. Be3 O-O 19. c6 Rad8+ 20. Kc2 bxc6
21. Bxc6 Bc5 22. Bxf3 Bxe3 23. Rxe3 Rc8 24. Rd1 Rc5 25. a4 Rfc8 26. Kb3 Kf8 27.
Bc6 g6 28. Kb4 a5+ 29. Kb3 Rc7 30. Bg2 Rc8 31. Rd6 R5c7 32. Bd5 Nc5+ 33. Ka3
Nb7 34. Rc6 Rxc6 35. Bxc6 Nd6 36. Kb3 h5 37. c4 Nf5 38. Rd3 Ke7 39. Kc3 h4 40.
Bg2 Nd6 41. Rd4 Nf5 42. Rd5 f6 43. c5 Rd8 44. Rxd8 Kxd8 45. Kc4 g5 46. b6 g4
47. Kb5 h3 48. Be4 Nd4+ 49. Kxa5 Nf3 50. c6 h2 51. c7+ Kd7 52. Bf5+ Ke7 53.
c8=Q h1=Q 54. Qe6+ Kf8 55. Qxf6+ Ke8 56. Qe6+ Kf8 57. b7 1-0

[Event "105th YMCA Spring C"]
[Site "Warszawa"]
[Date "2012.05.16"]
[Round "6"]
[White "Szukalski, Antoni"]
[Black "Krzyzanowski, Antoni"]
[Result "1-0"]
[WhiteElo "1858"]
[BlackElo "1777"]
[PlyCount "87"]
[EventDate "2012.04.11"]
[EventType "tourn"]
[EventRounds "1"]
[EventCountry "POL"]
[SourceDate "2012.04.11"]

1. d4 Nf6 2. c4 g6 3. Nc3 Bg7 4. Nf3 O-O 5. Bf4 d6 6. e3 Nh5 7. Bg3 f5 8. Bd3
Nc6 9. Ne2 e5 10. dxe5 dxe5 11. Bc2 Qe7 12. O-O g5 13. h3 f4 14. Bh2 g4 15.
hxg4 Bxg4 16. Be4 Nd8 17. Qc2 Bh6 18. exf4 exf4 19. Rfe1 Qg7 20. Qc3 c6 21.
Rad1 Qf7 22. Rd2 Ne6 23. Ne5 Bg7 24. Nxf7 Bxc3 25. Nxc3 Rxf7 26. f3 Ng3 27.
Bxg3 fxg3 28. fxg4 Ng5 29. Bf5 Raf8 30. Rde2 h5 31. Ne4 hxg4 32. Bxg4 Nxe4 33.
Rxe4 Rf2 34. Be2 R8f4 35. Re3 Kf7 36. Rxg3 Kf6 37. b3 b5 38. cxb5 cxb5 39. Rd3
Kg5 40. Rd7 a6 41. a3 Rf6 42. Rd5+ Kh4 43. Rh5+ Kg3 44. Rh3+ 1-0

[Event "105th YMCA Spring C"]
[Site "Warszawa"]
[Date "2012.05.03"]
[Round "6"]
[White "Pajak, Jakub"]
[Black "Szewczyk, Mariusz"]
[Result "0-1"]
[WhiteElo "1693"]
[BlackElo "1851"]
[PlyCount "96"]
[EventDate "2012.04.11"]
[EventType "tourn"]
[EventRounds "1"]
[EventCountry "POL"]
[SourceDate "2012.04.11"]

1. c4 Nf6 2. Nf3 e6 3. g3 b6 4. Bg2 Bb7 5. Nc3 d5 6. cxd5 exd5 7. d4 Nbd7 8.
O-O c6 9. a3 Bd6 10. Bd2 Qe7 11. Qc1 O-O 12. Bf4 Rfe8 13. Bxd6 Qxd6 14. e3 c5
15. Qd2 c4 16. Qc2 Bc6 17. b4 a6 18. Nd2 b5 19. Rfb1 Nf8 20. Nf3 Ng6 21. Ne1 h5
22. h4 Ra7 23. Qf5 Ne7 24. Qf3 Bd7 25. Qe2 Bg4 26. Bf3 Nf5 27. Bxg4 Nxg4 28.
Qf3 Nfxe3 29. Ng2 Nc2 30. Ra2 Nxd4 31. Qxd5 Qxd5 32. Nxd5 Ne2+ 33. Kh1 Nxf2+
34. Kh2 Ng4+ 35. Kh3 Rd7 36. Ngf4 Nxf4+ 37. Nxf4 g6 38. Rc1 Re3 39. a4 Rb3 40.
axb5 axb5 41. Re1 Rxb4 42. Ra8+ Kg7 43. Ree8 Rb2 44. Rg8+ Kf6 45. Ra6+ Kf5 46.
Ng2 Rd1 47. Rf6+ Kxf6 48. Rxg6+ fxg6 0-1

[Event "105th YMCA Spring C"]
[Site "Warszawa"]
[Date "2012.05.17"]
[Round "6"]
[White "Koziol, Pawel"]
[Black "Wrabel, Antoni"]
[Result "1-0"]
[WhiteElo "1859"]
[BlackElo "1713"]
[Annotator "M"]
[PlyCount "123"]
[EventDate "2012.04.11"]
[EventType "tourn"]
[EventRounds "1"]
[EventCountry "POL"]
[SourceDate "2012.04.11"]

1. d4 d5 2. c4 c6 3. Nf3 e6 4. e3 Nf6 5. Nbd2 Nbd7 6. Bd3 Bd6 7. O-O O-O 8. e4
dxe4 9. Nxe4 Nxe4 10. Bxe4 Nf6 11. Bc2 Qc7 12. Qd3 g6 13. h3 b6 14. b3 Ba6 15.
Bb2 Nh5 16. Rfe1 Rfe8 17. Qc3 Bf8 18. Ne5 Bg7 19. Re3 Rad8 20. Rf3 Re7 21. Qe3
Bb7 22. c5 Bxe5 23. dxe5 Red7 24. Bc3 Ng7 25. Qg5 bxc5 26. Rf4 Nf5 27. Bxf5
exf5 28. Qf6 Rd1+ 29. Rxd1 Rxd1+ 30. Kh2 Qd8 31. Ra4 a6 32. Rc4 Qxf6 $11 33.
exf6 Rd5 34. Kg3 Kf8 35. Kf4 h6 36. Ke3 Ke8 37. g4 Bc8 38. f3 Be6 39. Ra4 Bc8
40. Bb2 Kd8 41. Rc4 Kc7 42. Rc2 Kb6 43. Kf2 fxg4 44. hxg4 h5 45. Kg3 hxg4 46.
fxg4 Rg5 47. Rc4 Be6 48. Re4 Rd5 49. Rxe6 fxe6 50. f7 Rd8 51. Bg7 Kb5 52. f8=Q
Rxf8 53. Bxf8 Kb4 54. Kf4 a5 55. Kg5 Ka3 56. Kxg6 Kxa2 57. Bxc5 Kxb3 58. Kf6
Kc4 59. Bd6 c5 60. g5 a4 61. g6 a3 62. g7 1-0

[Event "105th YMCA Spring C"]
[Site "Warszawa"]
[Date "2012.05.16"]
[Round "6"]
[White "Golebiewski, Marek"]
[Black "Prus, Marek"]
[Result "1-0"]
[WhiteElo "1699"]
[BlackElo "1735"]
[PlyCount "93"]
[EventDate "2012.04.11"]
[EventType "tourn"]
[EventRounds "1"]
[EventCountry "POL"]
[SourceDate "2012.04.11"]

1. e4 c5 2. Nf3 h6 3. d4 cxd4 4. Nxd4 Nf6 5. Nc3 e5 6. Nb3 Bb4 7. Bc4 O-O 8.
Qd3 Nc6 9. a3 Bxc3+ 10. bxc3 Ne7 11. O-O Qc7 12. f4 d6 13. f5 Bd7 14. Bd5 Nexd5
15. exd5 Rac8 16. Bd2 Rfe8 17. Rae1 a6 18. Qg3 Kh7 19. Qh4 Qd8 20. c4 b5 21. c5
dxc5 22. d6 c4 23. Ba5 cxb3 24. Bxd8 Rcxd8 25. cxb3 Bc6 26. g4 Rxd6 27. Rf2 Rd4
28. h3 h5 29. Qg5 hxg4 30. Qc1 Bd5 31. Re3 gxh3 32. Rxh3+ Kg8 33. Rfh2 Rg4+ 34.
Kf1 g5 35. Rh8+ Kg7 36. Rxe8 Nxe8 37. Qe3 Nf6 38. Qa7 Bxb3 39. Qb8 Rf4+ 40. Ke1
Re4+ 41. Kd2 Ng8 42. f6+ Nxf6 43. Qh8+ Kg6 44. Rh6+ Kf5 45. Qxf6+ Kg4 46. Rh2
Be6 47. Rg2+ 1-0

[Event "105th YMCA Spring C"]
[Site "Warszawa"]
[Date "2012.05.23"]
[Round "7"]
[White "Prus, Marek"]
[Black "Sawicki, Wojciech"]
[Result "0-1"]
[WhiteElo "1735"]
[BlackElo "1770"]
[PlyCount "51"]
[EventDate "2012.04.11"]
[EventType "tourn"]
[EventRounds "1"]
[EventCountry "POL"]
[SourceDate "2012.04.11"]

1. e4 e5 2. Nf3 Nc6 3. Bb5 a6 4. Ba4 Nf6 5. O-O Be7 6. Re1 b5 7. Bb3 O-O 8. d4
d6 9. h3 Nxd4 10. Nxd4 exd4 11. e5 dxe5 12. Rxe5 c5 13. Qf3 Rb8 14. c4 Bd6 15.
Re1 Bb7 16. Qd1 Bc7 17. Nd2 Qd6 18. Nf1 Qc6 19. f3 Rbe8 20. Rxe8 Rxe8 21. Bg5
Nh5 22. a4 Qg6 23. Qd2 h6 24. Bh4 Nf4 25. Re1 Rxe1 26. Qxe1 0-1

[Event "105th YMCA Spring C"]
[Site "Warszawa"]
[Date "2012.05.24"]
[Round "7"]
[White "Wrabel, Antoni"]
[Black "Golebiewski, Marek"]
[Result "0-1"]
[WhiteElo "1713"]
[BlackElo "1699"]
[Annotator "M"]
[PlyCount "106"]
[EventDate "2012.04.11"]
[EventType "tourn"]
[EventRounds "1"]
[EventCountry "POL"]
[SourceDate "2012.04.11"]

1. e4 e6 2. d4 d5 3. exd5 exd5 4. Bd3 Bd6 5. Nf3 Nf6 6. O-O O-O 7. Bg5 c6 8.
Ne5 Bc7 9. Qf3 Nbd7 10. Nxd7 Bxd7 11. Nd2 h6 12. Bxf6 Qxf6 13. Qxf6 gxf6 14.
Nf3 Rae8 15. Rfe1 Re6 16. h3 Rfe8 17. Kf1 b6 18. Nh4 c5 19. c3 Bf4 20. Rxe6
fxe6 21. Nf3 e5 22. Bg6 Re7 23. dxc5 $11 bxc5 24. Rd1 d4 25. Be4 Be6 26. cxd4
exd4 27. Bb1 Bc4+ 28. Kg1 Rd7 29. g3 Be2 30. Re1 Bxf3 31. gxf4 d3 32. Re3 d2
33. Bc2 d1=Q+ 34. Bxd1 Bxd1 35. Rc3 Rc7 36. Kf1 Kf7 37. Ke1 Ba4 38. Kd2 Ke6 39.
Ra3 Bb5 40. Ra5 Bf1 41. h4 Kf5 42. b4 Kxf4 43. bxc5 Kg4 44. Kc3 Kxh4 45. Kd4
Bg2 46. Ra6 Bc6 47. Ra3 Rd7+ 48. Ke3 Kg4 49. Ra6 Rc7 50. f3+ Kg3 51. f4 h5 52.
f5 h4 53. Kd4 h3 0-1

[Event "105th YMCA Spring C"]
[Site "Warszawa"]
[Date "2012.05.23"]
[Round "7"]
[White "Szewczyk, Mariusz"]
[Black "Koziol, Pawel"]
[Result "1-0"]
[WhiteElo "1851"]
[BlackElo "1859"]
[PlyCount "73"]
[EventDate "2012.04.11"]
[EventType "tourn"]
[EventRounds "1"]
[EventCountry "POL"]
[SourceDate "2012.04.11"]

1. e4 e5 2. Nf3 Nc6 3. Bc4 Nf6 4. d3 Be7 5. Nc3 O-O 6. h3 d6 7. Be3 Be6 8. Bb3
Bxb3 9. axb3 d5 10. Bg5 d4 11. Bxf6 Bxf6 12. Nd5 Qd6 13. Qd2 Ne7 14. Ra5 Ng6
15. O-O Bd8 16. Qb4 Qxb4 17. Nxb4 c6 18. Raa1 Be7 19. Na2 Rfc8 20. Nc1 c5 21.
Ne2 Bd6 22. Ng3 Ne7 23. Nf5 Nxf5 24. exf5 f6 25. Nd2 Bc7 26. Ne4 b6 27. Ra6 b5
28. Rfa1 c4 29. bxc4 bxc4 30. dxc4 Bb6 31. Kf1 Rab8 32. b3 Kf8 33. Ke2 Ke7 34.
Kd3 g6 35. g4 Rb7 36. b4 gxf5 37. gxf5 1-0

[Event "105th YMCA Spring C"]
[Site "Warszawa"]
[Date "2012.05.17"]
[Round "7"]
[White "Krzyzanowski, Antoni"]
[Black "Pajak, Jakub"]
[Result "1-0"]
[WhiteElo "1777"]
[BlackElo "1693"]
[PlyCount "71"]
[EventDate "2012.04.11"]
[EventType "tourn"]
[EventRounds "1"]
[EventCountry "POL"]
[SourceDate "2012.04.11"]

1. d4 c5 2. d5 d6 3. e4 Nf6 4. Nc3 a6 5. a4 g6 6. Bd3 Bg7 7. Nge2 Nbd7 8. f4
Qb6 9. b3 Rb8 10. a5 Qa7 11. Be3 Ng4 12. Bg1 b5 13. axb6 Qxb6 14. h3 Qb4 15.
Qd2 Nh6 16. Ra4 Qb6 17. b4 Qc7 18. bxc5 Nxc5 19. Rc4 Nxd3+ 20. cxd3 Qb7 21. g4
Bd7 22. e5 dxe5 23. fxe5 Qb2 24. Qf4 Qa1+ 25. Kf2 O-O 26. Kg2 Qa5 27. Bc5 Rfe8
28. Rf1 e6 29. Bd6 Rbc8 30. Ne4 Qxd5 31. Rd4 Qa8 32. Kg3 Bc6 33. Nf6+ Bxf6 34.
exf6 Nf5+ 35. gxf5 Bh1 36. Rf2 1-0

[Event "105th YMCA Spring C"]
[Site "Warszawa"]
[Date "2012.05.25"]
[Round "7"]
[White "Moskwinski, Marek"]
[Black "Szukalski, Antoni"]
[Result "1/2-1/2"]
[WhiteElo "1829"]
[BlackElo "1858"]
[PlyCount "45"]
[EventDate "2012.04.11"]
[EventType "tourn"]
[EventRounds "1"]
[EventCountry "POL"]
[SourceDate "2012.04.11"]

1. e4 c6 2. d4 d5 3. Nd2 dxe4 4. Nxe4 Bf5 5. Ng3 Bg6 6. Nf3 e6 7. Bd3 Bxd3 8.
Qxd3 Nf6 9. O-O Bd6 10. Re1 O-O 11. Ne4 Be7 12. Ne5 Nbd7 13. Bg5 Nxe4 14. Bxe7
Qxe7 15. Qxe4 Nf6 16. Qh4 c5 17. Rad1 Rfd8 18. c3 Rac8 19. dxc5 Qxc5 20. Rxd8+
Rxd8 21. Ng4 Qe7 22. Nxf6+ Qxf6 23. Qxf6 1/2-1/2

[Event "105th YMCA Spring C"]
[Site "Warszawa"]
[Date "2012.06.14"]
[Round "8"]
[White "Sawicki, Wojciech"]
[Black "Jarmolowski, Tadeusz"]
[Result "1-0"]
[WhiteElo "1770"]
[BlackElo "1732"]
[Annotator "Admin"]
[PlyCount "69"]
[EventDate "2012.04.11"]
[EventType "tourn"]
[EventRounds "1"]
[EventCountry "POL"]
[SourceDate "2012.04.11"]

1. e4 d5 2. exd5 Qxd5 3. Nc3 Qd6 4. d4 Nf6 5. Nf3 a6 6. g3 Bg4 7. Bg2 Nc6 8.
O-O O-O-O 9. d5 Ne5 10. Bf4 Nxf3+ 11. Bxf3 Bxf3 12. Qxf3 e5 13. dxe6 Qxe6 14.
Bg5 Bb4 15. Bxf6 gxf6 16. Rfe1 Qb6 17. a3 Bxc3 18. Qxc3 Rhe8 19. Rxe8 Rxe8 20.
Re1 Rxe1+ 21. Qxe1 Qe6 $11 22. Qc3 h5 23. Qd4 b6 24. Qd3 a5 25. Qh7 Qd5 26.
Qh8+ Kb7 27. Qxf6 Qd1+ 28. Kg2 Qxc2 29. h4 Qc6+ 30. Qxc6+ Kxc6 31. g4 Kd5 32.
gxh5 Ke5 33. h6 Kf6 34. h5 b5 35. Kf3 1-0

[Event "105th YMCA Spring C"]
[Site "Warszawa"]
[Date "2012.05.29"]
[Round "8"]
[White "Pajak, Jakub"]
[Black "Moskwinski, Marek"]
[Result "0-1"]
[WhiteElo "1693"]
[BlackElo "1829"]
[PlyCount "76"]
[EventDate "2012.04.11"]
[EventType "tourn"]
[EventRounds "1"]
[EventCountry "POL"]
[SourceDate "2012.04.11"]

1. e4 c5 2. Nf3 Nc6 3. d4 cxd4 4. Nxd4 Nf6 5. Nc3 e5 6. Ndb5 d6 7. Bg5 a6 8.
Na3 b5 9. Nd5 Be7 10. Bxf6 Bxf6 11. Nxf6+ Qxf6 12. c3 O-O 13. Be2 Rd8 14. Nc2
Qg6 15. Bf3 d5 16. Qe2 d4 17. cxd4 Nxd4 18. Nxd4 Rxd4 19. O-O Be6 20. b3 Rad8
21. Rfd1 Qg5 22. Rxd4 Rxd4 23. Rd1 Qd8 24. Rxd4 Qxd4 25. Qd1 Kf8 26. Qxd4 exd4
27. Kf1 Ke7 28. Ke2 Kd6 29. Kd3 Kc5 30. h3 a5 31. Bg4 Bxg4 32. hxg4 Kb4 33.
Kxd4 Ka3 34. Kc3 b4+ 35. Kc2 Kxa2 36. f4 a4 37. bxa4 b3+ 38. Kc3 b2 0-1

[Event "105th YMCA Spring C"]
[Site "Warszawa"]
[Date "2012.06.12"]
[Round "8"]
[White "Koziol, Pawel"]
[Black "Krzyzanowski, Antoni"]
[Result "1/2-1/2"]
[WhiteElo "1859"]
[BlackElo "1777"]
[Annotator "Admin"]
[PlyCount "67"]
[EventDate "2012.04.11"]
[EventType "tourn"]
[EventRounds "1"]
[EventCountry "POL"]
[SourceDate "2012.04.11"]

1. Nf3 f5 2. g3 Nf6 3. Bg2 c5 4. c4 Nc6 5. d4 cxd4 6. Nxd4 g6 7. Nc3 Bg7 8. O-O
O-O 9. Nc2 a6 10. Rb1 e5 11. Ne3 d6 12. b3 Be6 13. Ba3 Ne8 14. Ned5 g5 15. Qd2
h5 16. Rbd1 Rf7 17. Bc1 Bh6 18. f4 gxf4 19. gxf4 Rg7 20. Kh1 Kh7 21. Rg1 Qh4
22. Qe1 Qxe1 23. Rdxe1 Rd8 24. e3 Rdd7 25. Ba3 e4 26. Bh3 Rxg1+ 27. Rxg1 Rg7
28. Nxe4 Rxg1+ 29. Kxg1 Kg6 30. Nec3 Bg7 31. Kf2 b5 32. Bc1 bxc4 33. bxc4 Na5
34. Ne2 $11 1/2-1/2

[Event "105th YMCA Spring C"]
[Site "Warszawa"]
[Date "2012.05.17"]
[Round "8"]
[White "Golebiewski, Marek"]
[Black "Szewczyk, Mariusz"]
[Result "0-1"]
[WhiteElo "1699"]
[BlackElo "1851"]
[PlyCount "60"]
[EventDate "2012.04.11"]
[EventType "tourn"]
[EventRounds "1"]
[EventCountry "POL"]
[SourceDate "2012.04.11"]

1. e4 d6 2. Nf3 g6 3. d4 Bg7 4. Nc3 Nf6 5. Bf4 c5 6. d5 Qb6 7. Rb1 Nbd7 8. Be2
a6 9. O-O Qa5 10. a3 b5 11. Qd3 c4 12. Qd2 O-O 13. Nd4 Nxe4 14. Qe3 Nxc3 15.
bxc3 Bxd4 16. cxd4 Nf6 17. Qxe7 Nxd5 18. Qxd6 Nxf4 19. Qxf4 Qxa3 20. Bf3 Ra7
21. Rfe1 Bf5 22. Re2 Re7 23. Rd2 Rfe8 24. h3 c3 25. Rdd1 Bxc2 26. Ra1 Qb4 27.
Rdc1 Be4 28. Rxa6 Bxf3 29. gxf3 Qb2 30. Kg2 Re2 0-1

[Event "105th YMCA Spring C"]
[Site "Warszawa"]
[Date "2012.05.25"]
[Round "8"]
[White "Prus, Marek"]
[Black "Wrabel, Antoni"]
[Result "1/2-1/2"]
[WhiteElo "1735"]
[BlackElo "1713"]
[Annotator "Admin"]
[PlyCount "22"]
[EventDate "2012.04.11"]
[EventType "tourn"]
[EventRounds "1"]
[EventCountry "POL"]
[SourceDate "2012.04.11"]

1. e4 e5 2. Nf3 Nc6 3. Nc3 Nf6 4. Bb5 Bb4 5. O-O O-O 6. Re1 Re8 7. a3 Bxc3 8.
dxc3 d6 9. Bd3 Ne7 10. Qe2 Ng6 11. Bg5 h6 $11 1/2-1/2

[Event "105th YMCA Spring C"]
[Site "Warszawa"]
[Date "2012.06.14"]
[Round "9"]
[White "Szewczyk, Mariusz"]
[Black "Prus, Marek"]
[Result "1-0"]
[WhiteElo "1851"]
[BlackElo "1735"]
[PlyCount "97"]
[EventDate "2012.04.11"]
[EventType "tourn"]
[EventRounds "1"]
[EventCountry "POL"]
[SourceDate "2012.04.11"]

1. e4 c5 2. Nf3 h6 3. Nc3 g5 4. Bc4 Bg7 5. d4 cxd4 6. Nxd4 d6 7. Qh5 Bxd4 8.
Qxf7+ Kd7 9. Qf5+ Ke8 10. Qf7+ Kd7 11. Be6+ Kc6 12. Bd5+ Kb6 13. Ne2 Be5 14. a4
Nf6 15. Be3+ Kc7 16. a5 Na6 17. Ra4 Nxd5 18. Qxd5 Bd7 19. Rc4+ Bc6 20. Nd4 Bxd4
21. Bxd4 e5 22. Be3 Rc8 23. Bxa7 Kd7 24. Qd2 Bb5 25. Rxc8 Qxc8 26. b3 Qc6 27.
f3 Nc7 28. c4 Ba6 29. h4 g4 30. O-O Rf8 31. Qxh6 Ne6 32. Qh7+ Kc8 33. fxg4
Rxf1+ 34. Kxf1 Bxc4+ 35. bxc4 Qxc4+ 36. Kg1 Qc1+ 37. Kh2 Qf4+ 38. Kh3 b5 39.
Bb6 Qf1 40. Qf5 Qh1+ 41. Kg3 Qe1+ 42. Bf2 Qc3+ 43. Kh2 Qc4 44. h5 Kb7 45. h6 b4
46. h7 b3 47. Qf7+ Ka6 48. h8=Q Kb5 49. Qhe8+ 1-0

[Event "105th YMCA Spring C"]
[Site "Warszawa"]
[Date "2012.06.13"]
[Round "9"]
[White "Krzyzanowski, Antoni"]
[Black "Golebiewski, Marek"]
[Result "0-1"]
[WhiteElo "1777"]
[BlackElo "1699"]
[PlyCount "108"]
[EventDate "2012.04.11"]
[EventType "tourn"]
[EventRounds "1"]
[EventCountry "POL"]
[SourceDate "2012.04.11"]

1. d4 Nf6 2. c4 c5 3. d5 b5 4. cxb5 a6 5. Nc3 axb5 6. e4 b4 7. Nb5 d6 8. Bf4
Nbd7 9. Nf3 Ng4 10. Be2 Nge5 11. O-O Nxf3+ 12. gxf3 g6 13. Qd2 h5 14. Rfe1 Bg7
15. Bxd6 exd6 16. Nxd6+ Kf8 17. f4 Nf6 18. e5 Ng4 19. f3 Nh6 20. Nxc8 Rxc8 21.
Bc4 Nf5 22. a4 Nd4 23. Kg2 Bh6 24. e6 Nxe6 25. Re4 Nxf4+ 26. Rxf4 Qg5+ 27. Kf2
Qxf4 28. Qxf4 Bxf4 29. a5 Ra8 30. a6 Ra7 31. Ra5 Bd6 32. h3 h4 33. b3 g5 34.
Ra2 Kg7 35. Re2 Kf6 36. Re4 Rd8 37. Re2 Rdd7 38. Re8 Re7 39. Rc8 Bg3+ 40. Kg2
Bc7 41. Kf2 Kf5 42. Rg8 Bf4 43. Rf8 Ke5 44. Kg2 Kd4 45. Rd8 Rad7 46. Rc8 f5 47.
Rc6 Rg7 48. Re6 Rde7 49. Rf6 Ke5 50. Rc6 g4 51. fxg4 fxg4 52. Rxc5 gxh3+ 53.
Kxh3 Rg3+ 54. Kh2 Reg7 0-1

[Event "105th YMCA Spring C"]
[Site "Warszawa"]
[Date "2012.06.08"]
[Round "9"]
[White "Moskwinski, Marek"]
[Black "Koziol, Pawel"]
[Result "0-1"]
[WhiteElo "1829"]
[BlackElo "1859"]
[PlyCount "114"]
[EventDate "2012.04.11"]
[EventType "tourn"]
[EventRounds "1"]
[EventCountry "POL"]
[SourceDate "2012.04.11"]

1. e4 e5 2. Nf3 Nc6 3. Bb5 a6 4. Ba4 Nf6 5. O-O Be7 6. Re1 b5 7. Bb3 d6 8. c3
O-O 9. d4 Bg4 10. d5 Na5 11. Bc2 Qc8 12. Nbd2 c6 13. dxc6 Qxc6 14. Nb3 Nc4 15.
Bd3 h6 16. Qe2 Rfc8 17. Bxc4 bxc4 18. Nbd2 Nd7 19. h3 Be6 20. Nf1 Nc5 21. Ng3
Nd3 22. Rd1 Nxc1 23. Rdxc1 Rab8 24. Nf5 Bf8 25. g4 f6 26. h4 d5 27. exd5 Bxd5
28. Nh2 Be4 29. b4 cxb3 30. axb3 Bxf5 31. gxf5 Rxb3 32. Rxa6 Qd7 33. Qa2 Qf7
34. Re6 Rbxc3 35. Rxc3 Rxc3 36. Ng4 Rc1+ 37. Kh2 Kh7 38. Nxe5 Qb7 39. Ng6 Qh1+
40. Kg3 Rc3+ 41. Re3 Bd6+ 42. Nf4 Bxf4+ 43. Kxf4 Qxh4+ 44. Kf3 Qh5+ 45. Kg2
Qg4+ 46. Rg3 Qe4+ 47. Kh2 Rxg3 48. fxg3 Qxf5 49. Qf7 Qg6 50. Qf8 h5 51. Kh1 Qg4
52. Kh2 h4 53. gxh4 Qxh4+ 54. Kg1 Qg5+ 55. Kh1 f5 56. Qc8 f4 57. Qc6 Qh6+ 0-1

[Event "105th YMCA Spring C"]
[Site "Warszawa"]
[Date "2012.06.06"]
[Round "9"]
[White "Jarmolowski, Tadeusz"]
[Black "Szukalski, Antoni"]
[Result "0-1"]
[WhiteElo "1732"]
[BlackElo "1858"]
[PlyCount "60"]
[EventDate "2012.04.11"]
[EventType "tourn"]
[EventRounds "1"]
[EventCountry "POL"]
[SourceDate "2012.04.11"]

1. e4 c5 2. c3 Nf6 3. e5 Nd5 4. d4 e6 5. Nf3 Nc6 6. Be2 cxd4 7. cxd4 d6 8. O-O
Qc7 9. Re1 Bd7 10. Nc3 Nxc3 11. bxc3 dxe5 12. dxe5 Nxe5 13. Nxe5 Qxe5 14. Qb3
Qc7 15. Bf3 Bc6 16. Bg4 O-O-O 17. Be3 Kb8 18. Bd4 Bd6 19. h3 f5 20. Be2 e5 21.
Be3 f4 22. Bd2 e4 23. Rab1 f3 24. Bg5 Bh2+ 25. Kh1 Rd5 26. Bh4 fxe2 27. g3 g5
28. c4 Rd3 29. Qb2 Rg8 30. Bxg5 Rxg5 0-1

[Event "105th YMCA Spring C"]
[Site "Warszawa"]
[Date "2012.06.13"]
[Round "10"]
[White "Sawicki, Wojciech"]
[Black "Szukalski, Antoni"]
[Result "1-0"]
[WhiteElo "1770"]
[BlackElo "1858"]
[PlyCount "177"]
[EventDate "2012.04.11"]
[EventType "tourn"]
[EventRounds "1"]
[EventCountry "POL"]
[SourceDate "2012.04.11"]

1. e4 c5 2. d4 cxd4 3. c3 dxc3 4. Nxc3 e5 5. Bc4 Bb4 6. Bxf7+ Kxf7 7. Qb3+ Ke8
8. Qxb4 Nc6 9. Qc4 a6 10. Nf3 h6 11. Be3 b5 12. Qb3 Nf6 13. Nd5 Rb8 14. Qc2 Kf7
15. O-O g6 16. Rfd1 Kg7 17. Bc5 Re8 18. Bd6 Rb7 19. Rac1 g5 20. Nxe5 Nxe5 21.
Qxc8 Qxc8 22. Rxc8 Rxc8 23. Bxe5 Rc6 24. Bxf6+ Rxf6 25. Nxf6 Kxf6 26. Rd6+ Ke5
27. Rxh6 Kxe4 28. Rxa6 Rc7 29. f3+ Ke3 30. Ra3+ Ke2 31. Rc3 Rc4 32. Rxc4 bxc4
33. h4 gxh4 34. f4 d5 35. f5 d4 36. f6 d3 37. f7 d2 38. f8=Q d1=Q+ 39. Kh2 Qd4
40. Qb8 Kf1 41. a4 Qg1+ 42. Kh3 Qxg2+ 43. Kxh4 Qe4+ 44. Kg3 Qe3+ 45. Kg4 Qe6+
46. Kf4 Qh6+ 47. Ke4 Qc6+ 48. Kd4 Qxa4 49. Qf4+ Ke1 50. Qc1+ Kf2 51. Qd2+ Kf1
52. Qc1+ Kf2 53. Qxc4 Qd1+ 54. Kc5 Qh5+ 55. Qd5 Qe8 56. b4 Qf8+ 57. Kc4 Ke2 58.
b5 Qc8+ 59. Kb4 Qf8+ 60. Ka5 Qa3+ 61. Kb6 Qf8 62. Kb7 Qg7+ 63. Kc6 Qf6+ 64. Qd6
Qc3+ 65. Kb7 Qf3+ 66. Qc6 Qf7+ 67. Qc7 Qf3+ 68. Kb8 Qf8+ 69. Qc8 Qd6+ 70. Qc7
Qf8+ 71. Kb7 Qf3+ 72. Qc6 Qf7+ 73. Kb6 Qe7 74. Qc4+ Kd2 75. Qf4+ Ke2 76. Ka5
Qa3+ 77. Qa4 Qc3+ 78. Ka6 Qd3 79. Qa2+ Ke3 80. Qe6+ Kd2 81. Ka7 Qh7+ 82. Ka6
Qd3 83. Qh6+ Kc3 84. Qc1+ Kb4 85. Qb2+ Kc5 86. Qe5+ Kb4 87. Qe7+ Ka4 88. Qc5
Qg6+ 89. b6 1-0

[Event "105th YMCA Spring C"]
[Site "Warszawa"]
[Date "2012.06.19"]
[Round "10"]
[White "Golebiewski, Marek"]
[Black "Moskwinski, Marek"]
[Result "1-0"]
[WhiteElo "1699"]
[BlackElo "1829"]
[PlyCount "65"]
[EventDate "2012.04.11"]
[EventType "tourn"]
[EventRounds "1"]
[EventCountry "POL"]
[SourceDate "2012.04.11"]

1. e4 c5 2. Nf3 d6 3. d4 cxd4 4. Nxd4 Nf6 5. Nc3 e6 6. Be2 a6 7. a4 Nc6 8. Be3
Be7 9. O-O O-O 10. f4 Qb6 11. Nf5 Qxb2 12. Nxe7+ Nxe7 13. Qd2 Qb4 14. Rfb1 Nxe4
15. Rxb4 Nxd2 16. Bxd2 Nc6 17. Rbb1 d5 18. a5 Nd4 19. Bd3 Rb8 20. Ra2 Bd7 21.
Rab2 Bc6 22. Rb4 Nf5 23. Bxa6 d4 24. Ne2 Rfc8 25. Bxb7 Bxb7 26. Rxb7 Ra8 27.
R1b6 Rxc2 28. Rb8+ Rc8 29. Rxc8+ Rxc8 30. a6 d3 31. Nc3 Nd4 32. a7 Nc6 33. Rxc6
1-0

[Event "105th YMCA Spring C"]
[Site "Warszawa"]
[Date "2012.06.15"]
[Round "10"]
[White "Prus, Marek"]
[Black "Krzyzanowski, Antoni"]
[Result "1/2-1/2"]
[WhiteElo "1735"]
[BlackElo "1777"]
[Annotator "Admin"]
[PlyCount "104"]
[EventDate "2012.04.11"]
[EventType "tourn"]
[EventRounds "1"]
[EventCountry "POL"]
[SourceDate "2012.04.11"]

1. e4 Nf6 2. e5 Nd5 3. Nf3 c5 4. c3 Nc6 5. Bc4 Nb6 6. Bb3 c4 7. Bc2 d5 8. exd6
Qxd6 9. d4 Bg4 10. O-O e6 11. a4 a5 12. Bg5 Be7 13. Bxe7 Nxe7 14. Nbd2 Rc8 15.
Re1 O-O 16. Bxh7+ Kh8 17. Bc2 f5 18. Qe2 Rf6 19. h3 Bh5 20. Qf1 Bxf3 21. Nxf3
Ned5 22. Ne5 Nf4 23. g3 Nfd5 24. Qe2 g6 25. f4 Kg7 26. Nf3 Rh8 27. Ng5 Nxf4 28.
gxf4 Qxf4 29. Qe3 Qh4 30. Qd2 Rh5 31. Nxe6+ Rxe6 32. Rxe6 Rg5+ 33. Qxg5 Qxg5+
34. Kh1 Nd5 35. Rg1 Qf4 36. Rexg6+ Kf7 37. Rg7+ Ke6 38. R1g6+ Nf6 39. d5+ Ke5
40. Re7+ Kxd5 41. Rxf6 Qf1+ 42. Kh2 Qf2+ 43. Kh1 $11 Qxc2 44. Rxb7 f4 45. Rbf7
Qc1+ 46. Kg2 Qxb2+ 47. Kf1 Qc1+ 48. Kg2 Qd2+ 49. Kf1 Qd3+ 50. Ke1 Qxc3+ 51. Kd1
Qb3+ 52. Kc1 Qc3+ $11 1/2-1/2

[Event "105th YMCA Spring C"]
[Site "Warszawa"]
[Date "2012.06.06"]
[Round "10"]
[White "Wrabel, Antoni"]
[Black "Szewczyk, Mariusz"]
[Result "0-1"]
[WhiteElo "1713"]
[BlackElo "1851"]
[PlyCount "54"]
[EventDate "2012.04.11"]
[EventType "tourn"]
[EventRounds "1"]
[EventCountry "POL"]
[SourceDate "2012.04.11"]

1. e4 e5 2. Nf3 Nf6 3. Nc3 Nc6 4. Bc4 Bc5 5. O-O d6 6. h3 Be6 7. Qe2 Qd7 8. Na4
Nd4 9. Nxd4 Bxc4 10. Qxc4 Bxd4 11. Nc3 O-O-O 12. a4 Nxe4 13. Nxe4 d5 14. Qd3
dxe4 15. Qxe4 f5 16. Qe2 Rde8 17. Qc4 a6 18. c3 Ba7 19. d3 f4 20. b4 g5 21. Rb1
g4 22. hxg4 Qxg4 23. Qe4 Rhg8 24. Re1 Qg3 25. d4 Qxc3 26. Bb2 Qh3 27. Rbc1 f3
0-1